000 00682nam a2200229 4500
001 6022
010 _a9727472206
021 _b90690/95
090 _a6022
100 _a20250929d1995 mdcy0pory5003 ba
200 1 _aNasce a terra
_fdir. J. Carlos Nobre, Augusto Soveral
_gcoord. Moura Pimenta
210 _aLisboa
_cEditores Reunidos
_d1995
215 _a28 p.
_cil.
225 2 _aEra uma vez o homem
_v1
606 _93236
_aPublicações para crianças e jovens
675 _a087.5:51/59
_vBN
_zpor
700 _aNobre
_bJ. Carlos
_95708
701 _aSoveral
_bAugusto
_95709
702 _aPimenta
_bMoura
_95710
801 0 _aPT
_bBEN2VN
_gRPC
830 _cTânia Croca
_d29/09/2025
990 _cLIVROS